How stuff works

-д хадгалсан:
Номзүйн дэлгэрэнгүй
Үндсэн зохиолч: Brain, Marshall (Зохиогч)
Формат: Ном
Хэл сонгох:англи
Хэвлэсэн: Nueva York Hungry Minds 2001
Нөхцлүүд:
Шошгууд: Шошго нэмэх
Шошго байхгүй, Энэхүү баримтыг шошголох эхний хүн болох!

MARC

LEADER 00000nam a2200000 a 4500
001 UCK3928
003 CL-VaPUC
008 050513e20010000US |||||||||||||||||eng|d
020 |a 0764565184 
082 0 4 |a 603  |b BRA  |2 21 
100 0 |a Brain, Marshall  |e author  |9 492308 
245 1 0 |a How stuff works 
300 |a 307 p 
942 |c BK 
945 |d 20050513 00:00:00  |a cmena 
260 |a Nueva York  |b Hungry Minds  |c 2001 
650 0 |a Tecnología  |9 256742 
650 0 |a Enciclopedias  |9 264135 
650 0 |a Educación tecnológica  |9 307597 
583 |a last modification  |c 20050513 00:00:00  |k Rodrigo Vera 
999 |c 312973  |d 312971 
952 |0 0  |1 0  |4 0  |6 603_000000000000000_BRA_2001  |7 0  |8 A  |9 383990  |a BIBCUR  |b BIBCUR  |d 2019-11-22  |i 4128516  |o 603 BRA 2001  |p 4128516  |r 2025-04-22  |w 2019-11-22  |y BK  |k FIS